Humano o cristiano?: antinomias de un humanismo cristiano
Gorde:
| Egile nagusia: | |
|---|---|
| Formatua: | Liburua |
| Hizkuntza: | gaztelania |
| Argitaratua: |
Salamanca
Sígueme
1966
|
| Saila: | Estela, 36
|
| Gaiak: | |
| Etiketak: |
Etiketa erantsi
Etiketarik gabe, Izan zaitez lehena erregistro honi etiketa jartzen!
|
MARC
| LEADER | 00000nam a2200000 a 4500 | ||
|---|---|---|---|
| 001 | UCL1717 | ||
| 003 | CL-VaPUC | ||
| 008 | 030926e19660000SP |||||||||||||||||spa|d | ||
| 082 | 0 | 4 | |a 210.6 |b BOU |2 21 |
| 100 | 0 | |a Bouyer, Louis |e author |9 478543 | |
| 245 | 1 | 0 | |a Humano o cristiano?: antinomias de un humanismo cristiano |
| 300 | |a 129 p | ||
| 942 | |c BK | ||
| 945 | |d 20030926 00:00:00 |a rbrito | ||
| 260 | |a Salamanca |b Sígueme |c 1966 | ||
| 650 | 0 | |a Humanismo cristiano |9 257489 | |
| 583 | |a last modification |c 20030926 00:00:00 |k Rodrigo Vera | ||
| 490 | 0 | |a Estela, 36 | |
| 999 | |c 305158 |d 305156 | ||
| 952 | |0 0 |1 2 |4 0 |6 210_600000000000000_BOU_1966 |7 0 |8 A |9 368250 |a BIBTEO |b BIBTEO |d 2019-11-21 |i 2081563 |o 210.6 BOU 1966 |p 2081563 |r 2019-11-21 |w 2019-11-21 |x Descarte 2019 |y BK |k ICR | ||